[Event "ODJM B 2025"]
[Site "Willingen GER"]
[Date "2025.06.08"]
[Round "1"]
[White "He, Saiqi"]
[Black "Menke, Xaver Louis"]
[Result "1-0"]
[Termination "normal"]
[Board "63"]
[WhiteElo "1700"]
[BlackElo "1631"]
[WhiteClock "01:26:26"]
[BlackClock "01:35:06"]
[PlyCount "103"]
[WhiteFideId "16292723"]
[BlackFideId "34663134"]
[EventCountry "GER"]
[EventRounds "9"]
[EventType "swiss"]
[EventDate "2025.06.07"]

1. e4 {[%clk 01:30:27]} {[%emt 00:00:32]} e5 {[%clk 01:30:55]} {[%emt
00:00:06]} 2. Nf3 {[%clk 01:30:48]} {[%emt 00:00:09]} Nc6 {[%clk 01:31:19]}
{[%emt 00:00:06]} 3. Bc4 {[%clk 01:31:14]} {[%emt 00:00:04]} Nf6 {[%clk
01:31:42]} {[%emt 00:00:07]} 4. d3 {[%clk 01:31:30]} {[%emt 00:00:13]} Bc5
{[%clk 01:32:05]} {[%emt 00:00:08]} 5. Nc3 {[%clk 01:31:10]} {[%emt 00:00:50]}
d6 {[%clk 01:32:23]} {[%emt 00:00:12]} 6. Na4 {[%clk 01:31:21]} {[%emt
00:00:19]} Bb6 {[%clk 01:32:12]} {[%emt 00:00:41]} 7. Nxb6 {[%clk 01:31:43]}
{[%emt 00:00:08]} axb6 {[%clk 01:32:40]} {[%emt 00:00:01]} 8. h3 {[%clk
01:31:35]} {[%emt 00:00:38]} h6 {[%clk 01:32:59]} {[%emt 00:00:12]} 9. a3
{[%clk 01:31:46]} {[%emt 00:00:19]} Be6 {[%clk 01:33:11]} {[%emt 00:00:17]} 10.
Bxe6 {[%clk 01:32:05]} {[%emt 00:00:12]} fxe6 {[%clk 01:33:34]} {[%emt
00:00:07]} 11. O-O {[%clk 01:32:22]} {[%emt 00:00:13]} O-O {[%clk 01:33:48]}
{[%emt 00:00:15]} 12. Re1 {[%clk 01:32:19]} {[%emt 00:00:33]} Nd4 {[%clk
01:33:02]} {[%emt 00:01:16]} 13. Nxd4 {[%clk 01:30:55]} {[%emt 00:01:55]} exd4
{[%clk 01:33:22]} {[%emt 00:00:10]} 14. e5 {[%clk 01:30:01]} {[%emt 00:01:22]}
dxe5 {[%clk 01:33:41]} {[%emt 00:00:12]} 15. Rxe5 {[%clk 01:29:46]} {[%emt
00:00:46]} Qd6 {[%clk 01:32:56]} {[%emt 00:01:15]} 16. Qe2 {[%clk 01:30:01]}
{[%emt 00:00:14]} Rfe8 {[%clk 01:32:57]} {[%emt 00:00:30]} 17. Bf4 {[%clk
01:25:58]} {[%emt 00:04:33]} Nd7 {[%clk 01:31:44]} {[%emt 00:01:42]} 18. Re4
{[%clk 01:26:17]} {[%emt 00:00:12]} e5 {[%clk 01:31:45]} {[%emt 00:00:29]} 19.
Bg3 {[%clk 01:26:41]} {[%emt 00:00:07]} Re7 {[%clk 01:31:00]} {[%emt 00:01:15]}
20. Re1 {[%clk 01:22:42]} {[%emt 00:04:29]} Rae8 {[%clk 01:31:15]} {[%emt
00:00:15]} 21. f4 {[%clk 01:22:35]} {[%emt 00:00:37]} Nc5 {[%clk 01:30:00]}
{[%emt 00:01:45]} 22. Rxe5 {[%clk 01:21:01]} {[%emt 00:02:04]} Rxe5 {[%clk
01:29:51]} {[%emt 00:00:39]} 23. fxe5 {[%clk 01:21:26]} {[%emt 00:00:05]} Qg6
{[%clk 01:29:58]} {[%emt 00:00:21]} 24. Kh2 {[%clk 01:21:11]} {[%emt 00:00:47]}
Na4 {[%clk 01:30:11]} {[%emt 00:00:18]} 25. Qe4 {[%clk 01:20:15]} {[%emt
00:01:25]} Qxe4 {[%clk 01:30:31]} {[%emt 00:00:11]} 26. Rxe4 {[%clk 01:20:41]}
{[%emt 00:00:04]} Nxb2 {[%clk 01:30:48]} {[%emt 00:00:13]} 27. Rxd4 {[%clk
01:20:57]} {[%emt 00:00:14]} g5 {[%clk 01:30:19]} {[%emt 00:00:58]} 28. Rd7
{[%clk 01:20:53]} {[%emt 00:00:34]} h5 {[%clk 01:30:28]} {[%emt 00:00:21]} 29.
Kg1 {[%clk 01:21:10]} {[%emt 00:00:12]} h4 {[%clk 01:30:37]} {[%emt 00:00:21]}
30. Bh2 {[%clk 01:21:02]} {[%emt 00:00:37]} Rc8 {[%clk 01:30:38]} {[%emt
00:00:30]} 31. e6 {[%clk 01:21:19]} {[%emt 00:00:13]} Kf8 {[%clk 01:30:56]}
{[%emt 00:00:12]} 32. Rxc7 {[%clk 01:20:58]} {[%emt 00:00:52]} Rxc7 {[%clk
01:31:12]} {[%emt 00:00:13]} 33. Bxc7 {[%clk 01:21:24]} {[%emt 00:00:03]} Ke7
{[%clk 01:31:14]} {[%emt 00:00:28]} 34. Bxb6 {[%clk 01:21:38]} {[%emt
00:00:17]} Kxe6 {[%clk 01:31:35]} {[%emt 00:00:09]} 35. Kf2 {[%clk 01:21:47]}
{[%emt 00:00:18]} Nd1+ {[%clk 01:31:43]} {[%emt 00:00:24]} 36. Kf3 {[%clk
01:22:06]} {[%emt 00:00:10]} Kf5 {[%clk 01:31:54]} {[%emt 00:00:19]} 37. Bd4
{[%clk 01:21:58]} {[%emt 00:00:39]} Ke6 {[%clk 01:31:30]} {[%emt 00:00:52]} 38.
Kg4 {[%clk 01:22:12]} {[%emt 00:00:18]} Kd5 {[%clk 01:31:41]} {[%emt 00:00:20]}
39. Bb6 {[%clk 01:22:13]} {[%emt 00:00:28]} Kc6 {[%clk 01:31:56]} {[%emt
00:00:16]} 40. Bg1 {[%clk 01:22:33]} {[%emt 00:00:09]} Nc3 {[%clk 01:32:17]}
{[%emt 00:00:09]} 41. Kxg5 {[%clk 01:22:55]} {[%emt 00:00:08]} Ne2 {[%clk
01:32:32]} {[%emt 00:00:15]} 42. Bf2 {[%clk 01:23:18]} {[%emt 00:00:08]} Kb5
{[%clk 01:32:49]} {[%emt 00:00:13]} 43. Kxh4 {[%clk 01:23:34]} {[%emt
00:00:13]} Ka4 {[%clk 01:33:13]} {[%emt 00:00:06]} 44. g4 {[%clk 01:23:59]}
{[%emt 00:00:05]} Kxa3 {[%clk 01:33:39]} {[%emt 00:00:05]} 45. g5 {[%clk
01:24:26]} {[%emt 00:00:03]} Nf4 {[%clk 01:33:13]} {[%emt 00:00:56]} 46. Kg4
{[%clk 01:24:29]} {[%emt 00:00:26]} Ng6 {[%clk 01:33:34]} {[%emt 00:00:09]} 47.
Kf5 {[%clk 01:24:45]} {[%emt 00:00:13]} Ne7+ {[%clk 01:34:00]} {[%emt
00:00:06]} 48. Ke6 {[%clk 01:24:58]} {[%emt 00:00:16]} Ng6 {[%clk 01:34:09]}
{[%emt 00:00:21]} 49. Kf6 {[%clk 01:25:25]} {[%emt 00:00:04]} Nf4 {[%clk
01:34:30]} {[%emt 00:00:09]} 50. g6 {[%clk 01:25:46]} {[%emt 00:00:08]} Nd5+
{[%clk 01:34:55]} {[%emt 00:00:06]} 51. Kf7 {[%clk 01:26:02]} {[%emt 00:00:14]}
Kb2 {[%clk 01:35:06]} {[%emt 00:00:20]} 52. g7 {[%clk 01:26:26]} {[%emt
00:00:05]} 1-0

[Event "ODJM B 2025"]
[Site "Willingen GER"]
[Date "2025.06.08"]
[Round "1"]
[White "Prigandt, Junis"]
[Black "Stelter, Finja"]
[Result "0-1"]
[Termination "normal"]
[Board "64"]
[WhiteElo "1539"]
[BlackElo "1730"]
[WhiteClock "00:49:05"]
[BlackClock "00:20:13"]
[PlyCount "60"]
[WhiteFideId "34631712"]
[BlackFideId "16298624"]
[EventCountry "GER"]
[EventRounds "9"]
[EventType "swiss"]
[EventDate "2025.06.07"]

1. c4 {[%clk 01:30:58]} {[%emt 00:00:02]} c5 {[%clk 01:29:43]} {[%emt
00:01:17]} 2. g3 {[%clk 01:30:46]} {[%emt 00:00:42]} Nc6 {[%clk 01:29:25]}
{[%emt 00:00:48]} 3. Bg2 {[%clk 01:30:21]} {[%emt 00:00:54]} g6 {[%clk
01:29:00]} {[%emt 00:00:55]} 4. Nc3 {[%clk 01:30:37]} {[%emt 00:00:15]} Bg7
{[%clk 01:28:52]} {[%emt 00:00:38]} 5. Nf3 {[%clk 01:30:23]} {[%emt 00:00:44]}
d6 {[%clk 01:27:44]} {[%emt 00:01:38]} 6. O-O {[%clk 01:29:33]} {[%emt
00:01:20]} Nf6 {[%clk 01:27:14]} {[%emt 00:01:00]} 7. d4 {[%clk 01:28:21]}
{[%emt 00:01:42]} O-O {[%clk 01:23:03]} {[%emt 00:04:41]} 8. Bf4 {[%clk
01:26:46]} {[%emt 00:02:05]} cxd4 {[%clk 01:17:04]} {[%emt 00:06:29]} 9. Nxd4
{[%clk 01:26:48]} {[%emt 00:00:28]} Nxd4 {[%clk 01:13:50]} {[%emt 00:03:43]}
10. Qxd4 {[%clk 01:25:03]} {[%emt 00:02:16]} e5 {[%clk 01:12:34]} {[%emt
00:01:46]} 11. Bxe5 {[%clk 01:23:59]} {[%emt 00:01:33]} dxe5 {[%clk 01:10:19]}
{[%emt 00:02:45]} 12. Qxe5 {[%clk 01:22:00]} {[%emt 00:02:29]} Re8 {[%clk
01:07:47]} {[%emt 00:03:02]} 13. Qf4 {[%clk 01:17:48]} {[%emt 00:04:43]} Qb6
{[%clk 00:52:10]} {[%emt 00:16:04]} 14. Qd2 {[%clk 01:15:38]} {[%emt 00:02:42]}
Be6 {[%clk 00:48:39]} {[%emt 00:04:01]} 15. b3 {[%clk 01:12:30]} {[%emt
00:03:39]} Rad8 {[%clk 00:46:11]} {[%emt 00:02:58]} 16. Qc2 {[%clk 01:09:54]}
{[%emt 00:03:06]} Ng4 {[%clk 00:41:06]} {[%emt 00:05:34]} 17. h3 {[%clk
01:05:45]} {[%emt 00:04:40]} Ne3 {[%clk 00:36:04]} {[%emt 00:05:32]} 18. fxe3
{[%clk 01:03:42]} {[%emt 00:02:33]} Qxe3+ {[%clk 00:34:34]} {[%emt 00:01:59]}
19. Kh2 {[%clk 01:02:35]} {[%emt 00:01:37]} Qxc3 {[%clk 00:31:53]} {[%emt
00:03:11]} 20. Qxc3 {[%clk 01:01:32]} {[%emt 00:01:34]} Bxc3 {[%clk 00:32:21]}
{[%emt 00:00:02]} 21. Rac1 {[%clk 00:59:55]} {[%emt 00:02:06]} Bd2 {[%clk
00:29:42]} {[%emt 00:03:09]} 22. Rcd1 {[%clk 00:56:45]} {[%emt 00:03:40]} Bf5
{[%clk 00:28:11]} {[%emt 00:02:01]} 23. e4 {[%clk 00:55:16]} {[%emt 00:02:00]}
Bxe4 {[%clk 00:25:20]} {[%emt 00:03:20]} 24. Bxe4 {[%clk 00:54:29]} {[%emt
00:01:17]} Rxe4 {[%clk 00:24:03]} {[%emt 00:01:47]} 25. Rf2 {[%clk 00:54:44]}
{[%emt 00:00:14]} Red4 {[%clk 00:22:51]} {[%emt 00:01:43]} 26. Kg2 {[%clk
00:50:04]} {[%emt 00:05:10]} Be3 {[%clk 00:21:10]} {[%emt 00:02:09]} 27. Rxd4
{[%clk 00:49:27]} {[%emt 00:01:08]} Rxd4 {[%clk 00:21:16]} {[%emt 00:00:24]}
28. Re2 {[%clk 00:48:21]} {[%emt 00:01:36]} Rd2 {[%clk 00:20:09]} {[%emt
00:01:37]} 29. Rxd2 {[%clk 00:48:50]} {[%emt 00:00:01]} Bxd2 {[%clk 00:20:37]}
{[%emt 00:00:01]} 30. Kf3 {[%clk 00:49:05]} {[%emt 00:00:15]} f5 {[%clk
00:20:13]} {[%emt 00:00:54]} 0-1

[Event "ODJM B 2025"]
[Site "Willingen GER"]
[Date "2025.06.08"]
[Round "1"]
[White "Schmitt, Bastian"]
[Black "Claussen, Daniela"]
[Result "0-1"]
[Termination "normal"]
[Board "65"]
[WhiteElo "1729"]
[BlackElo "1567"]
[WhiteClock "00:28:42"]
[BlackClock "00:29:21"]
[PlyCount "78"]
[WhiteFideId "34615768"]
[BlackFideId "16248929"]
[EventCountry "GER"]
[EventRounds "9"]
[EventType "swiss"]
[EventDate "2025.06.07"]

1. Nc3 {[%clk 01:30:56]} {[%emt 00:00:04]} e6 {[%clk 01:30:42]} {[%emt
00:00:18]} 2. d4 {[%clk 01:31:12]} {[%emt 00:00:13]} b6 {[%clk 01:30:37]}
{[%emt 00:00:36]} 3. Bf4 {[%clk 01:31:04]} {[%emt 00:00:38]} Bb4 {[%clk
01:30:28]} {[%emt 00:00:40]} 4. e3 {[%clk 01:30:15]} {[%emt 00:01:18]} Bb7
{[%clk 01:30:16]} {[%emt 00:00:43]} 5. Qg4 {[%clk 01:26:44]} {[%emt 00:04:00]}
Kf8 {[%clk 01:20:35]} {[%emt 00:10:11]} 6. Nge2 {[%clk 01:22:23]} {[%emt
00:04:51]} d6 {[%clk 01:18:55]} {[%emt 00:02:09]} 7. a3 {[%clk 01:20:10]}
{[%emt 00:02:44]} Bxc3+ {[%clk 01:19:01]} {[%emt 00:00:24]} 8. Nxc3 {[%clk
01:20:28]} {[%emt 00:00:12]} Nd7 {[%clk 01:18:28]} {[%emt 00:01:03]} 9. O-O-O
{[%clk 01:14:52]} {[%emt 00:06:06]} Ngf6 {[%clk 01:17:23]} {[%emt 00:01:34]}
10. Qh4 {[%clk 01:14:02]} {[%emt 00:01:20]} Ne4 {[%clk 01:15:40]} {[%emt
00:02:14]} 11. Qxd8+ {[%clk 01:14:10]} {[%emt 00:00:23]} Rxd8 {[%clk 01:15:59]}
{[%emt 00:00:11]} 12. Nxe4 {[%clk 01:14:17]} {[%emt 00:00:23]} Bxe4 {[%clk
01:16:18]} {[%emt 00:00:10]} 13. f3 {[%clk 01:13:46]} {[%emt 00:01:02]} Bb7
{[%clk 01:16:24]} {[%emt 00:00:24]} 14. e4 {[%clk 01:12:11]} {[%emt 00:02:04]}
f6 {[%clk 01:14:31]} {[%emt 00:02:23]} 15. Bc4 {[%clk 01:06:43]} {[%emt
00:05:58]} e5 {[%clk 01:11:46]} {[%emt 00:03:15]} 16. dxe5 {[%clk 01:04:05]}
{[%emt 00:03:08]} dxe5 {[%clk 01:10:18]} {[%emt 00:01:58]} 17. Be3 {[%clk
00:59:07]} {[%emt 00:05:27]} Ke7 {[%clk 01:07:38]} {[%emt 00:03:10]} 18. b4
{[%clk 00:57:01]} {[%emt 00:02:37]} Rc8 {[%clk 01:04:44]} {[%emt 00:03:24]} 19.
a4 {[%clk 00:55:25]} {[%emt 00:02:06]} c5 {[%clk 01:00:53]} {[%emt 00:04:21]}
20. b5 {[%clk 00:55:08]} {[%emt 00:00:47]} Rhd8 {[%clk 00:58:23]} {[%emt
00:02:59]} 21. Kd2 {[%clk 00:50:06]} {[%emt 00:05:33]} a6 {[%clk 00:53:10]}
{[%emt 00:05:43]} 22. Ke2 {[%clk 00:48:33]} {[%emt 00:02:03]} a5 {[%clk
00:51:18]} {[%emt 00:02:22]} 23. h4 {[%clk 00:46:50]} {[%emt 00:02:13]} Nf8
{[%clk 00:47:45]} {[%emt 00:04:03]} 24. g4 {[%clk 00:46:09]} {[%emt 00:01:11]}
Ne6 {[%clk 00:47:10]} {[%emt 00:01:05]} 25. c3 {[%clk 00:45:02]} {[%emt
00:01:37]} Rc7 {[%clk 00:40:50]} {[%emt 00:06:49]} 26. Rxd8 {[%clk 00:42:24]}
{[%emt 00:03:08]} Nxd8 {[%clk 00:41:07]} {[%emt 00:00:13]} 27. Rd1 {[%clk
00:42:34]} {[%emt 00:00:20]} Bc8 {[%clk 00:39:20]} {[%emt 00:02:17]} 28. Bg8
{[%clk 00:41:59]} {[%emt 00:01:04]} h6 {[%clk 00:38:47]} {[%emt 00:01:02]} 29.
g5 {[%clk 00:41:40]} {[%emt 00:00:49]} h5 {[%clk 00:38:25]} {[%emt 00:00:53]}
30. gxf6+ {[%clk 00:41:25]} {[%emt 00:00:44]} gxf6 {[%clk 00:37:34]} {[%emt
00:01:21]} 31. Bh7 {[%clk 00:38:40]} {[%emt 00:03:15]} Be6 {[%clk 00:35:34]}
{[%emt 00:02:30]} 32. f4 {[%clk 00:35:22]} {[%emt 00:03:48]} Bg4+ {[%clk
00:35:25]} {[%emt 00:00:39]} 33. Ke1 {[%clk 00:35:41]} {[%emt 00:00:12]} Bxd1
{[%clk 00:35:40]} {[%emt 00:00:15]} 34. Kxd1 {[%clk 00:36:00]} {[%emt
00:00:11]} exf4 {[%clk 00:34:09]} {[%emt 00:02:02]} 35. Bxf4 {[%clk 00:36:11]}
{[%emt 00:00:19]} Rd7+ {[%clk 00:34:04]} {[%emt 00:00:34]} 36. Ke2 {[%clk
00:36:06]} {[%emt 00:00:35]} Ne6 {[%clk 00:33:10]} {[%emt 00:01:24]} 37. Be3
{[%clk 00:35:01]} {[%emt 00:01:35]} Kd6 {[%clk 00:31:41]} {[%emt 00:01:59]} 38.
Bg6 {[%clk 00:34:45]} {[%emt 00:00:46]} Rd8 {[%clk 00:29:46]} {[%emt 00:02:25]}
39. Bf2 {[%clk 00:28:42]} {[%emt 00:06:34]} Nf4+ {[%clk 00:29:21]} {[%emt
00:00:55]} 0-1

[Event "ODJM B 2025"]
[Site "Willingen GER"]
[Date "2025.06.08"]
[Round "1"]
[White "Schmidt, Marieke"]
[Black "Yang, Markus"]
[Result "1/2-1/2"]
[Termination "normal"]
[Board "66"]
[WhiteElo "1726"]
[BlackElo "1706"]
[WhiteClock "00:04:41"]
[BlackClock "00:07:20"]
[PlyCount "60"]
[WhiteFideId "533007497"]
[BlackFideId "16206550"]
[EventCountry "GER"]
[EventRounds "9"]
[EventType "swiss"]
[EventDate "2025.06.07"]

1. e4 {[%clk 01:30:59]} {[%emt 00:00:01]} e6 {[%clk 01:30:51]} {[%emt
00:00:09]} 2. d4 {[%clk 01:31:21]} {[%emt 00:00:08]} d5 {[%clk 01:31:13]}
{[%emt 00:00:08]} 3. exd5 {[%clk 01:31:46]} {[%emt 00:00:05]} exd5 {[%clk
01:31:35]} {[%emt 00:00:08]} 4. Bd3 {[%clk 01:32:10]} {[%emt 00:00:05]} Nc6
{[%clk 01:30:58]} {[%emt 00:01:07]} 5. Nf3 {[%clk 01:31:26]} {[%emt 00:01:15]}
Bg4 {[%clk 01:30:32]} {[%emt 00:00:55]} 6. c3 {[%clk 01:30:29]} {[%emt
00:01:28]} Bd6 {[%clk 01:29:25]} {[%emt 00:01:37]} 7. h3 {[%clk 01:28:56]}
{[%emt 00:02:03]} Bh5 {[%clk 01:28:45]} {[%emt 00:01:10]} 8. O-O {[%clk
01:29:00]} {[%emt 00:00:25]} Qd7 {[%clk 01:26:25]} {[%emt 00:02:50]} 9. Re1+
{[%clk 01:26:49]} {[%emt 00:02:41]} Nge7 {[%clk 01:26:36]} {[%emt 00:00:19]}
10. Nbd2 {[%clk 01:25:25]} {[%emt 00:01:55]} O-O-O {[%clk 01:23:08]} {[%emt
00:03:57]} 11. Qc2 {[%clk 01:18:39]} {[%emt 00:07:15]} f6 {[%clk 01:19:36]}
{[%emt 00:04:03]} 12. a4 {[%clk 01:12:26]} {[%emt 00:06:43]} g5 {[%clk
01:13:48]} {[%emt 00:06:18]} 13. b4 {[%clk 01:05:41]} {[%emt 00:07:16]} g4
{[%clk 01:10:00]} {[%emt 00:04:17]} 14. hxg4 {[%clk 01:02:03]} {[%emt
00:04:09]} Qxg4 {[%clk 01:05:27]} {[%emt 00:05:02]} 15. b5 {[%clk 01:01:46]}
{[%emt 00:00:48]} Rdg8 {[%clk 01:04:17]} {[%emt 00:01:39]} 16. Bf1 {[%emt
00:36:40]} Na5 {[%clk 01:01:21]} {[%emt 00:03:24]} 17. Ba3 {[%clk 00:19:07]}
{[%emt 00:07:02]} Nf5 {[%clk 00:50:37]} {[%emt 00:11:13]} 18. Bxd6 {[%clk
00:19:11]} {[%emt 00:00:26]} Nxd6 {[%clk 00:50:55]} {[%emt 00:00:12]} 19. g3
{[%clk 00:12:51]} {[%emt 00:06:50]} Ne4 {[%clk 00:39:58]} {[%emt 00:11:27]} 20.
Nh2 {[%clk 00:08:31]} {[%emt 00:04:50]} Qg5 {[%clk 00:33:17]} {[%emt 00:07:11]}
21. Bh3+ {[%clk 00:08:24]} {[%emt 00:00:38]} Kb8 {[%clk 00:32:31]} {[%emt
00:01:16]} 22. Nxe4 {[%clk 00:08:43]} {[%emt 00:00:11]} dxe4 {[%clk 00:30:51]}
{[%emt 00:02:09]} 23. Qxe4 {[%clk 00:08:44]} {[%emt 00:00:29]} Re8 {[%clk
00:25:03]} {[%emt 00:06:19]} 24. Qf5 {[%clk 00:07:43]} {[%emt 00:01:29]} Nc4
{[%clk 00:17:24]} {[%emt 00:08:10]} 25. Qxg5 {[%clk 00:06:55]} {[%emt
00:01:18]} fxg5 {[%clk 00:17:52]} {[%emt 00:00:02]} 26. Nf1 {[%clk 00:05:43]}
{[%emt 00:01:42]} Rhf8 {[%clk 00:14:07]} {[%emt 00:04:14]} 27. Be6 {[%clk
00:04:31]} {[%emt 00:01:41]} Nd6 {[%clk 00:12:44]} {[%emt 00:01:55]} 28. c4
{[%clk 00:04:29]} {[%emt 00:00:33]} Bf3 {[%clk 00:10:36]} {[%emt 00:02:37]} 29.
Nd2 {[%clk 00:04:26]} {[%emt 00:00:34]} Bh5 {[%clk 00:08:49]} {[%emt 00:02:16]}
30. c5 {[%clk 00:04:41]} {[%emt 00:00:15]} Nf7 {[%clk 00:07:20]} {[%emt
00:01:58]} 1/2-1/2

[Event "ODJM B 2025"]
[Site "Willingen GER"]
[Date "2025.06.08"]
[Round "1"]
[White "Hoffmann, Sophia"]
[Black "Boroshneva, Kassiya"]
[Result "0-1"]
[Termination "normal"]
[Board "67"]
[WhiteElo "1664"]
[BlackElo "1464"]
[WhiteClock "00:00:40"]
[BlackClock "00:12:00"]
[PlyCount "66"]
[WhiteFideId "16259130"]
[BlackFideId "34177418"]
[EventCountry "GER"]
[EventRounds "9"]
[EventType "swiss"]
[EventDate "2025.06.07"]

1. d4 {[%clk 01:30:56]} {[%emt 00:00:04]} d5 {[%clk 01:30:57]} {[%emt
00:00:04]} 2. Bf4 {[%clk 01:31:22]} {[%emt 00:00:04]} Nc6 {[%clk 01:30:40]}
{[%emt 00:00:47]} 3. e3 {[%clk 01:31:08]} {[%emt 00:00:44]} Nf6 {[%clk
01:30:20]} {[%emt 00:00:51]} 4. Nf3 {[%clk 01:30:30]} {[%emt 00:01:07]} Bg4
{[%clk 01:29:19]} {[%emt 00:01:31]} 5. Nbd2 {[%clk 01:28:13]} {[%emt 00:02:47]}
e6 {[%clk 01:26:19]} {[%emt 00:03:30]} 6. c3 {[%clk 01:26:36]} {[%emt
00:02:07]} Bd6 {[%clk 01:21:45]} {[%emt 00:05:04]} 7. h3 {[%clk 01:22:26]}
{[%emt 00:04:40]} Bh5 {[%clk 01:20:02]} {[%emt 00:02:12]} 8. Be2 {[%clk
01:19:44]} {[%emt 00:03:12]} Bxf4 {[%clk 01:18:15]} {[%emt 00:02:18]} 9. exf4
{[%clk 01:18:57]} {[%emt 00:01:17]} Bg6 {[%clk 01:17:40]} {[%emt 00:01:05]} 10.
Ne5 {[%clk 01:14:54]} {[%emt 00:04:32]} Ne7 {[%clk 01:12:56]} {[%emt 00:05:14]}
11. Ndf3 {[%clk 01:11:33]} {[%emt 00:03:51]} h6 {[%clk 01:08:16]} {[%emt
00:05:10]} 12. Nh4 {[%clk 01:00:54]} {[%emt 00:11:09]} Bh7 {[%clk 01:07:46]}
{[%emt 00:01:00]} 13. g4 {[%clk 00:47:02]} {[%emt 00:14:22]} Nd7 {[%clk
00:59:13]} {[%emt 00:09:04]} 14. Bd3 {[%clk 00:44:09]} {[%emt 00:03:23]} Nxe5
{[%clk 00:49:15]} {[%emt 00:10:27]} 15. Bxh7 {[%clk 00:40:00]} {[%emt
00:04:40]} Rxh7 {[%clk 00:48:52]} {[%emt 00:00:51]} 16. fxe5 {[%clk 00:37:15]}
{[%emt 00:03:16]} Nc6 {[%clk 00:42:55]} {[%emt 00:06:28]} 17. Qb3 {[%clk
00:32:01]} {[%emt 00:05:44]} Rb8 {[%clk 00:38:19]} {[%emt 00:05:06]} 18. Nf3
{[%clk 00:31:37]} {[%emt 00:00:53]} Rh8 {[%clk 00:37:57]} {[%emt 00:00:52]} 19.
O-O-O {[%clk 00:28:35]} {[%emt 00:03:32]} f6 {[%clk 00:36:17]} {[%emt
00:02:10]} 20. Rhe1 {[%clk 00:27:30]} {[%emt 00:01:35]} Kf7 {[%clk 00:34:46]}
{[%emt 00:02:01]} 21. Qc2 {[%clk 00:18:02]} {[%emt 00:09:58]} g6 {[%clk
00:24:50]} {[%emt 00:10:26]} 22. h4 {[%clk 00:15:26]} {[%emt 00:03:05]} h5
{[%clk 00:21:55]} {[%emt 00:03:25]} 23. gxh5 {[%clk 00:14:42]} {[%emt
00:01:15]} Rxh5 {[%clk 00:21:35]} {[%emt 00:00:49]} 24. exf6 {[%clk 00:11:47]}
{[%emt 00:03:24]} Qxf6 {[%clk 00:18:09]} {[%emt 00:03:56]} 25. Ng5+ {[%clk
00:10:59]} {[%emt 00:01:18]} Rxg5 {[%clk 00:16:19]} {[%emt 00:02:21]} 26. hxg5
{[%clk 00:11:18]} {[%emt 00:00:11]} Qxg5+ {[%clk 00:16:37]} {[%emt 00:00:11]}
27. Qd2 {[%clk 00:07:47]} {[%emt 00:04:01]} Qf6 {[%clk 00:15:51]} {[%emt
00:01:17]} 28. Rh1 {[%clk 00:07:34]} {[%emt 00:00:43]} Ke8 {[%clk 00:15:24]}
{[%emt 00:00:57]} 29. Rh7 {[%clk 00:06:07]} {[%emt 00:01:57]} Ne7 {[%clk
00:15:16]} {[%emt 00:00:39]} 30. Qh6 {[%clk 00:04:32]} {[%emt 00:02:03]} Kd7
{[%clk 00:14:23]} {[%emt 00:01:25]} 31. Rg1 {[%clk 00:01:49]} {[%emt 00:03:12]}
Kc6 {[%clk 00:14:29]} {[%emt 00:00:24]} 32. Qh2 {[%clk 00:00:52]} {[%emt
00:01:26]} Rf8 {[%clk 00:14:04]} {[%emt 00:00:55]} 33. Rg3 {[%clk 00:00:40]}
{[%emt 00:00:43]} Nf5 {[%clk 00:12:00]} {[%emt 00:02:35]} 0-1